Microeconomics (Record no. 379900)

MARC details
000 -LEADER
fixed length control field 00621nam a2200217Ia 4500
008 - FIXED-LENGTH DATA ELEMENTS--GENERAL INFORMATION
fixed length control field 191130s2016##################000#0#eng##
020 ## - INTERNATIONAL STANDARD BOOK NUMBER
ISBN 9781292079578
082 ## - DEWEY DECIMAL CLASSIFICATION NUMBER
Classification number 338.5 ACE
100 ## - MAIN ENTRY--AUTHOR NAME
Personal name Acemoglu, Daron
245 ## - TITLE STATEMENT
Title Microeconomics
Statement of responsibility, etc Daron Acemoglu, David Laibson, John A list
250 ## - EDITION STATEMENT
Edition statement global ed
260 ## - PUBLICATION, DISTRIBUTION, ETC. (IMPRINT)
Place of publication Upper Saddle River, NJ
Name of publisher Pearson Education
Year of publication 2016
300 ## - PHYSICAL DESCRIPTION
Number of Pages 483p. : ill. ; 28 cm
650 ## - SUBJECT ADDED ENTRY--TOPICAL TERM
Topical Term Microeconomics
700 ## - ADDED ENTRY--PERSONAL NAME
Personal name Laibson, David
Personal name List, John A
991 ## -
-- 452323

No items available.

Find us on the map